000 00424nam a22001457a 4500
999 _c12952
_d12952
008 211229b ||||| |||| 00| 0 eng d
041 _ahin
100 _93544
_aChatterjee, Sarat Chandra
245 1 0 _aBipradas /
_cBy Sarat Chandra
245 1 0 _aबिप्रदास /
_cसरत चंद्र
260 _aKolkata:
_bSanmarg Prakashan,
_cc
300 _ax
650 0 _aHindi Literature
_xHindi Fiction
942 _cBK